000 00666nam a22002297a 4500
003 UA-OsUOA
001 125000
007 ta
008 20170831b un ||||| |||| 00| 0 ukr d
100 _aСкупейко А.
090 _a82.09(477)
_bС46
942 _cBK
040 _aUA-OsUOA
_bukr
_cUA-OsUOA
_dUA-OsUOA
245 _aІван Франко про творчу індивідуальність письменника
300 _a134 с.
955 _a1
041 _aukr
080 _a82.09(477)
260 _aК.
_bНаукова думка
_c1986
650 7 _a82 Література. Літературознавство
_2UDC
999 _c412200
_d412200